<?xml version="1.0" encoding="UTF-8"?>
<record
    xmlns:xsi="http://www.w3.org/2001/XMLSchema-instance"
    xsi:schemaLocation="http://www.loc.gov/MARC21/slim http://www.loc.gov/standards/marcxml/schema/MARC21slim.xsd"
    xmlns="http://www.loc.gov/MARC21/slim">

  <leader>01297nam a2200229Ia 4500</leader>
  <controlfield tag="001">L100-51440</controlfield>
  <controlfield tag="003">IT-CnALBA</controlfield>
  <controlfield tag="008">170116s9999||||xx |||||||||||||| ||und||</controlfield>
  <datafield tag="040" ind1=" " ind2=" ">
    <subfield code="a">IT-CnALBA</subfield>
    <subfield code="c">IT-CnALBA</subfield>
  </datafield>
  <datafield tag="041" ind1=" " ind2=" ">
    <subfield code="a">ITALIANO</subfield>
  </datafield>
  <datafield tag="100" ind1=" " ind2=" ">
    <subfield code="a">PAJARDI PIETRO</subfield>
  </datafield>
  <datafield tag="245" ind1=" " ind2="0">
    <subfield code="a">PER UN MONDO NUOVO. RICERCHE E RIFLESSIONI DI UN MAGISTRATO CATTOLICO SUL PENSIERO GIURIDICO DEL VATICANO II. </subfield>
  </datafield>
  <datafield tag="250" ind1=" " ind2=" ">
    <subfield code="a">1a ed.</subfield>
  </datafield>
  <datafield tag="260" ind1=" " ind2=" ">
    <subfield code="a">MILANO</subfield>
    <subfield code="b">PROPAGANDA LIBR. ISTITUTO, IPL. </subfield>
    <subfield code="c">1991 [1&#xB0; Ed.:1991 - Ed.Ling.Originale: 1991]</subfield>
  </datafield>
  <datafield tag="300" ind1=" " ind2=" ">
    <subfield code="a">250 p. </subfield>
  </datafield>
  <datafield tag="500" ind1=" " ind2=" ">
    <subfield code="a">PRESENTAZIONE DI BIFFI G. PREMESSA. ABORTO. ADOZIONE. ALIMENTAZIONE. AMORE. ASSISTENZA. ASSOCIAZIONE. ATTIVIT&#xC0; UMANA. ATTIVIT&#xC0; CIVILE BENE COMUNE. CITT&#xC0;. COMUNIT&#xC0; POLITICA. COSCIENZA MORALE E GIURIDICA. DIRITTO POSITIVO E NATURALE. ECONOMIA E PROGRESSO UM</subfield>
  </datafield>
  <datafield tag="501" ind1=" " ind2=" ">
    <subfield code="a">Societ&#xE0; San Paolo EM - Piazza San Paolo, 14 - 12051 ALBA (CN)  (non commercial uses only) &#xAE; Copyright 2017</subfield>
  </datafield>
  <datafield tag="520" ind1=" " ind2=" ">
    <subfield code="a">PRESENTAZIONE DI BIFFI G. PREMESSA. ABORTO. ADOZIONE. ALIMENTAZIONE. AMORE. ASSISTENZA. ASSOCIAZIONE. ATTIVIT&#xC0; UMANA. ATTIVIT&#xC0; CIVILE BENE COMUNE. CITT&#xC0;. COMUNIT&#xC0; POLITICA. COSCIENZA MORALE E GIURIDICA. DIRITTO POSITIVO E NATURALE. ECONOMIA E PROGRESSO UM</subfield>
  </datafield>
  <datafield tag="650" ind1=" " ind2=" ">
    <subfield code="a">FILOSOFIA E DISCIPLINE COLLEGATE</subfield>
  </datafield>
  <datafield tag="942" ind1=" " ind2=" ">
    <subfield code="c">BK</subfield>
  </datafield>
  <datafield tag="957" ind1=" " ind2=" ">
    <subfield code="7">1</subfield>
  </datafield>
  <datafield tag="999" ind1=" " ind2=" ">
    <subfield code="a">63073</subfield>
    <subfield code="b">NO</subfield>
    <subfield code="g"> Copie: 1 </subfield>
    <subfield code="c">310316</subfield>
    <subfield code="d">310316</subfield>
  </datafield>
  <datafield tag="952" ind1=" " ind2=" ">
    <subfield code="0">0</subfield>
    <subfield code="1">0</subfield>
    <subfield code="4">0</subfield>
    <subfield code="6">L_10051440</subfield>
    <subfield code="7">1</subfield>
    <subfield code="a">ALBA</subfield>
    <subfield code="b">ALBA</subfield>
    <subfield code="d">2017-01-16</subfield>
    <subfield code="l">0</subfield>
    <subfield code="o">L100-51440</subfield>
    <subfield code="r">2017-01-16 00:00:00</subfield>
    <subfield code="w">2017-01-16</subfield>
    <subfield code="y">BK</subfield>
    <subfield code="z">(data import: 16 gennaio 2017) - By Epidotti, Vaglietti. </subfield>
  </datafield>
</record>
